000 00707nam a2200289Ia 4500
005 20260324145504.0
008 008 260324s9999 xx 000 0 eng d
020 _a9780429048821
037 _aEBOOK
040 _aCRL
040 _beng
040 _cCRL
041 _2eng
041 _aeng
084 _qCRL
100 _aLeah Smith
_91223142
245 0 _aAquaculture Development In Less Developed Countries
245 0 _bSocial, Economic, And Political Problems
260 _bTaylor and Francis
260 _c1982
365 _a
365 _b230
856 _uhttp://www.taylorfrancis.com/books/9780429048821
942 _cEBOOK
999 _c1831120
_d1831120